| 000 | 00475cam a22001217a 4500 | ||
|---|---|---|---|
| 008 | 180718b2010 xxu||||| |||| 00| 0 eng d | ||
| 082 | _aY4x5451 R246o | ||
| 100 | _aReddy, M. Gopinath. | ||
| 245 |
_aObstructed access to forest justice: the implementation of institutional reform(FRA-2006) in Andra Pradesh forested landscapes _cby M. Gopinath Reddy...[et. al]. |
||
| 260 |
_aHyderabad _bCentre for economic and social studies _c2010 |
||
| 300 | _a99p. | ||
| 500 | _aMonograph 13 | ||
| 999 |
_c504022 _d504022 |
||